[Event "DVM U10 2023"]
[Site "Magdeburg GER"]
[Date "2023.12.27"]
[Round "2"]
[White "Tomovski, Leon"]
[Black "Nida-Rümelin, Noel"]
[Result "0-1"]
[Termination "normal"]
[Board "10.3"]
[WhiteElo "1066"]
[BlackElo "796"]
[WhiteClock "00:36:21"]
[BlackClock "00:29:48"]
[WhiteTeam "Karlsruher SF 1853"]
[BlackTeam "MSA Zugzwang 82"]
[PlyCount "132"]
[WhiteFideId "34691790"]
[EventCountry "GER"]
[EventRounds "7"]
[EventType "team-swiss"]
[EventDate "2023.12.27"]

1. e4 {[%clk 00:55:09]} c5 {[%clk 00:54:52]} {[%emt 00:00:18]} 2. Nf3 {[%clk
00:55:07]} {[%emt 00:00:07]} d6 {[%clk 00:54:46]} {[%emt 00:00:12]} 3. c3
{[%clk 00:54:56]} {[%emt 00:00:16]} Nc6 {[%clk 00:53:56]} {[%emt 00:00:55]} 4.
d4 {[%clk 00:54:44]} {[%emt 00:00:17]} cxd4 {[%clk 00:53:50]} {[%emt 00:00:12]}
5. cxd4 {[%clk 00:54:28]} {[%emt 00:00:20]} Bg4 {[%clk 00:53:41]} {[%emt
00:00:15]} 6. Bb5 {[%clk 00:54:21]} {[%emt 00:00:11]} Qa5+ {[%clk 00:53:18]}
{[%emt 00:00:28]} 7. Nc3 {[%clk 00:54:08]} {[%emt 00:00:18]} Bd7 {[%clk
00:52:44]} {[%emt 00:00:39]} 8. a3 {[%clk 00:54:03]} {[%emt 00:00:10]} a6
{[%clk 00:52:28]} {[%emt 00:00:22]} 9. Bc4 {[%clk 00:53:41]} {[%emt 00:00:24]}
Nf6 {[%clk 00:52:04]} {[%emt 00:00:31]} 10. e5 {[%clk 00:53:32]} {[%emt
00:00:14]} dxe5 {[%clk 00:51:54]} {[%emt 00:00:14]} 11. Nxe5 {[%clk 00:53:22]}
{[%emt 00:00:14]} Nxe5 {[%clk 00:51:39]} {[%emt 00:00:21]} 12. dxe5 {[%clk
00:53:09]} {[%emt 00:00:18]} Qxe5+ {[%clk 00:51:33]} {[%emt 00:00:12]} 13. Be3
{[%emt 00:01:34]} h5 {[%clk 00:50:18]} {[%emt 00:01:03]} 14. Qd4 {[%clk
00:52:53]} {[%emt 00:00:10]} Qxd4 {[%clk 00:49:29]} {[%emt 00:00:55]} 15. Bxd4
{[%clk 00:52:51]} {[%emt 00:00:06]} Bc6 {[%clk 00:49:19]} {[%emt 00:00:16]} 16.
f3 {[%clk 00:52:36]} {[%emt 00:00:20]} Rc8 {[%clk 00:48:48]} {[%emt 00:00:35]}
17. O-O-O {[%clk 00:51:59]} {[%emt 00:00:43]} Bxf3 {[%clk 00:48:34]} {[%emt
00:00:19]} 18. Bxf7+ {[%clk 00:51:42]} {[%emt 00:00:21]} Kxf7 {[%clk 00:48:25]}
{[%emt 00:00:15]} 19. gxf3 {[%clk 00:51:45]} {[%emt 00:00:02]} e6 {[%clk
00:47:54]} {[%emt 00:00:36]} 20. Rdf1 {[%clk 00:51:07]} {[%emt 00:00:42]} Nd5
{[%clk 00:46:51]} {[%emt 00:01:09]} 21. f4 {[%clk 00:50:27]} {[%emt 00:00:45]}
Nxc3 {[%clk 00:45:54]} {[%emt 00:01:02]} 22. Bxc3 {[%emt 00:00:28]} Bxa3 {[%emt
00:00:34]} 23. Rhg1 {[%emt 00:00:29]} Bf8 {[%clk 00:43:57]} {[%emt 00:00:38]}
24. Kd2 {[%clk 00:50:03]} {[%emt 00:00:26]} Rh7 {[%clk 00:43:08]} {[%emt
00:00:55]} 25. f5 {[%clk 00:49:49]} {[%emt 00:00:19]} exf5 {[%clk 00:42:42]}
{[%emt 00:00:31]} 26. Rxf5+ {[%clk 00:49:44]} {[%emt 00:00:09]} Kg8 {[%clk
00:42:16]} {[%emt 00:00:31]} 27. Rd5 {[%clk 00:48:25]} {[%emt 00:01:30]} Rc7
{[%clk 00:41:31]} {[%emt 00:00:55]} 28. Ba5 {[%clk 00:48:10]} {[%emt 00:00:20]}
Rc6 {[%clk 00:40:48]} {[%emt 00:00:47]} 29. Rd8 {[%clk 00:47:52]} {[%emt
00:00:23]} Rd6+ {[%clk 00:40:33]} {[%emt 00:00:21]} 30. Rxd6 {[%clk 00:47:07]}
{[%emt 00:00:50]} Bxd6 {[%clk 00:40:27]} {[%emt 00:00:11]} 31. Rf1 {[%clk
00:46:53]} {[%emt 00:00:20]} Bxh2 {[%clk 00:39:37]} {[%emt 00:00:54]} 32. Bb4
{[%clk 00:46:48]} {[%emt 00:00:10]} g5 {[%clk 00:39:37]} {[%emt 00:00:05]} 33.
Rf2 {[%clk 00:46:32]} {[%emt 00:00:21]} Bf4+ {[%clk 00:39:21]} {[%emt
00:00:20]} 34. Kc2 {[%clk 00:46:13]} {[%emt 00:00:25]} Rc7+ {[%clk 00:38:45]}
{[%emt 00:00:41]} 35. Kb3 {[%clk 00:45:52]} {[%emt 00:00:26]} h4 {[%clk
00:38:23]} {[%emt 00:00:27]} 36. Ba5 {[%clk 00:45:42]} {[%emt 00:00:15]} Rc5
{[%clk 00:38:02]} {[%emt 00:00:26]} 37. Bc3 {[%clk 00:45:27]} {[%emt 00:00:20]}
h3 {[%clk 00:37:41]} {[%emt 00:00:25]} 38. Bd4 {[%clk 00:45:01]} {[%emt
00:00:31]} Rc1 {[%clk 00:37:19]} {[%emt 00:00:27]} 39. Re2 {[%clk 00:44:10]}
{[%emt 00:00:57]} h2 {[%clk 00:36:59]} {[%emt 00:00:25]} 40. Re8+ {[%clk
00:44:05]} {[%emt 00:00:09]} Kf7 {[%clk 00:36:55]} {[%emt 00:00:09]} 41. Rh8
{[%clk 00:43:22]} {[%emt 00:00:48]} h1=Q {[%clk 00:36:23]} {[%emt 00:00:39]}
42. Rxh1 {[%clk 00:43:24]} {[%emt 00:00:10]} Rxh1 {[%clk 00:36:10]} {[%emt
00:00:18]} 43. Kc4 {[%clk 00:43:11]} {[%emt 00:00:17]} Rh4 {[%clk 00:35:25]}
{[%emt 00:00:51]} 44. Kc5 {[%clk 00:43:09]} {[%emt 00:00:07]} Rh6 {[%clk
00:35:04]} {[%emt 00:00:25]} 45. b4 {[%clk 00:41:18]} {[%emt 00:01:56]} g4
{[%clk 00:34:52]} {[%emt 00:00:17]} 46. b5 {[%clk 00:41:10]} {[%emt 00:00:14]}
axb5 {[%clk 00:34:47]} {[%emt 00:00:10]} 47. Kxb5 {[%clk 00:41:04]} {[%emt
00:00:16]} g3 {[%clk 00:34:42]} {[%emt 00:00:14]} 48. Kc4 {[%clk 00:40:57]}
{[%emt 00:00:13]} g2 {[%clk 00:34:24]} {[%emt 00:00:22]} 49. Kd3 {[%clk
00:41:00]} {[%emt 00:00:03]} g1=Q 50. Bxg1 {[%clk 00:40:59]} Ke6 {[%clk
00:34:08]} {[%emt 00:03:22]} 51. Kc4 {[%clk 00:40:44]} {[%emt 00:00:19]} Ke5
{[%clk 00:33:54]} {[%emt 00:00:21]} 52. Bd4+ {[%clk 00:40:17]} {[%emt
00:00:32]} Ke4 {[%clk 00:33:30]} {[%emt 00:00:27]} 53. Bg7 {[%clk 00:39:49]}
{[%emt 00:00:35]} Rc6+ {[%clk 00:33:10]} {[%emt 00:00:25]} 54. Kb5 {[%clk
00:39:14]} {[%emt 00:00:39]} Be5 {[%clk 00:32:22]} {[%emt 00:00:54]} 55. Bf8
{[%clk 00:38:57]} {[%emt 00:00:21]} Kd5 {[%clk 00:32:08]} {[%emt 00:00:19]} 56.
Be7 {[%clk 00:38:53]} {[%emt 00:00:09]} Bd6 {[%clk 00:31:54]} {[%emt 00:00:20]}
57. Bf6 {[%clk 00:38:40]} {[%emt 00:00:18]} Bc5 {[%clk 00:31:28]} {[%emt
00:00:30]} 58. Bd8 {[%clk 00:38:35]} {[%emt 00:00:11]} Rd6 {[%clk 00:30:54]}
{[%emt 00:00:39]} 59. Be7 {[%clk 00:38:13]} {[%emt 00:00:26]} Rb6+ {[%clk
00:30:50]} {[%emt 00:00:09]} 60. Ka4 {[%clk 00:38:06]} {[%emt 00:00:12]} Bxe7
{[%clk 00:30:42]} {[%emt 00:00:14]} 61. Ka5 {[%clk 00:37:32]} {[%emt 00:00:38]}
Bd8 {[%emt 00:01:21]} 62. Ka4 {[%clk 00:37:21]} {[%emt 00:00:03]} Kc4 {[%clk
00:30:32]} {[%emt 00:00:43]} 63. Ka3 {[%clk 00:37:15]} {[%emt 00:00:19]} Bh4
{[%clk 00:30:23]} {[%emt 00:00:14]} 64. Ka2 {[%clk 00:37:07]} {[%emt 00:00:14]}
Kc3 {[%clk 00:29:50]} {[%emt 00:00:37]} 65. Ka1 {[%clk 00:36:42]} {[%emt
00:00:30]} Kc2 {[%clk 00:29:48]} {[%emt 00:00:07]} 66. Ka2 {[%clk 00:36:21]}
{[%emt 00:00:26]} Ra6# {[%clk 00:29:48]} {[%emt 00:00:06]} 0-1

[Event "DVM U10 2023"]
[Site "Magdeburg GER"]
[Date "2023.12.27"]
[Round "2"]
[White "Chen, Kevin"]
[Black "Tang, Eric Shunxin"]
[Result "0-1"]
[Termination "normal"]
[Board "10.4"]
[WhiteElo "942"]
[BlackElo "1054"]
[WhiteClock "00:23:10"]
[BlackClock "00:39:36"]
[WhiteTeam "MSA Zugzwang 82"]
[BlackTeam "Karlsruher SF 1853"]
[PlyCount "122"]
[WhiteFideId "34688455"]
[BlackFideId "34694676"]
[EventCountry "GER"]
[EventRounds "7"]
[EventType "team-swiss"]
[EventDate "2023.12.27"]

1. e4 {[%clk 00:55:07]} {[%emt 00:00:02]} e5 {[%clk 00:55:04]} {[%emt
00:00:06]} 2. Nf3 {[%clk 00:55:07]} {[%emt 00:00:05]} Nc6 {[%clk 00:55:03]}
{[%emt 00:00:06]} 3. Bc4 {[%clk 00:55:05]} {[%emt 00:00:07]} Bc5 {[%clk
00:54:55]} {[%emt 00:00:12]} 4. c3 {[%clk 00:54:58]} {[%emt 00:00:13]} Nf6
{[%clk 00:54:42]} {[%emt 00:00:18]} 5. d4 {[%clk 00:54:53]} {[%emt 00:00:10]}
exd4 {[%clk 00:54:40]} {[%emt 00:00:06]} 6. cxd4 {[%clk 00:54:48]} {[%emt
00:00:11]} Bb4+ {[%clk 00:54:38]} {[%emt 00:00:07]} 7. Bd2 {[%clk 00:54:40]}
{[%emt 00:00:13]} Nxe4 {[%clk 00:53:59]} {[%emt 00:00:43]} 8. Bxb4 {[%clk
00:53:39]} {[%emt 00:01:06]} Nxb4 {[%clk 00:53:55]} {[%emt 00:00:09]} 9. Qe2
{[%clk 00:52:36]} {[%emt 00:01:07]} d5 {[%clk 00:53:48]} {[%emt 00:00:14]} 10.
Nc3 {[%clk 00:51:21]} {[%emt 00:01:20]} Bf5 {[%clk 00:53:10]} {[%emt 00:00:42]}
11. Bd3 {[%emt 00:01:56]} Nxd3+ {[%clk 00:52:38]} {[%emt 00:00:21]} 12. Qxd3
{[%clk 00:49:17]} {[%emt 00:00:35]} O-O {[%clk 00:52:30]} {[%emt 00:00:14]} 13.
O-O {[%clk 00:48:13]} {[%emt 00:01:08]} c6 {[%clk 00:51:02]} {[%emt 00:01:33]}
14. Qe2 {[%clk 00:47:03]} {[%emt 00:01:15]} Qa5 {[%clk 00:50:19]} {[%emt
00:00:47]} 15. Qe1 {[%clk 00:45:59]} {[%emt 00:01:10]} Nxc3 {[%clk 00:50:05]}
{[%emt 00:00:19]} 16. Qxc3 {[%clk 00:45:37]} {[%emt 00:00:27]} Qxc3 {[%clk
00:49:58]} {[%emt 00:00:11]} 17. bxc3 {[%clk 00:45:36]} {[%emt 00:00:06]} Rfe8
{[%clk 00:49:56]} {[%emt 00:00:07]} 18. Rfe1 {[%clk 00:44:52]} {[%emt
00:00:50]} Rxe1+ {[%clk 00:49:47]} {[%emt 00:00:14]} 19. Rxe1 {[%clk 00:44:48]}
{[%emt 00:00:10]} Be4 {[%clk 00:49:44]} {[%emt 00:00:07]} 20. Ng5 {[%clk
00:44:01]} {[%emt 00:00:50]} Re8 {[%clk 00:49:39]} {[%emt 00:00:11]} 21. Nxe4
{[%clk 00:43:28]} {[%emt 00:00:39]} Rxe4 {[%clk 00:49:23]} {[%emt 00:00:22]}
22. Rxe4 {[%clk 00:42:40]} {[%emt 00:00:52]} dxe4 {[%clk 00:49:20]} {[%emt
00:00:07]} 23. f3 {[%clk 00:41:56]} {[%emt 00:00:50]} exf3 {[%clk 00:49:15]}
{[%emt 00:00:09]} 24. gxf3 {[%clk 00:41:52]} {[%emt 00:00:09]} b6 {[%clk
00:49:18]} {[%emt 00:00:03]} 25. c4 {[%clk 00:41:45]} {[%emt 00:00:13]} Kf8
{[%clk 00:48:57]} {[%emt 00:00:25]} 26. Kf2 {[%clk 00:41:08]} {[%emt 00:00:42]}
Ke7 {[%clk 00:48:38]} {[%emt 00:00:23]} 27. Ke3 {[%clk 00:41:06]} {[%emt
00:00:08]} Kd6 {[%clk 00:48:32]} {[%emt 00:00:10]} 28. Ke4 {[%clk 00:40:45]}
{[%emt 00:00:27]} g6 {[%clk 00:48:19]} {[%emt 00:00:17]} 29. f4 {[%clk
00:40:14]} {[%emt 00:00:37]} c5 {[%clk 00:48:17]} {[%emt 00:00:07]} 30. d5
{[%clk 00:40:01]} {[%emt 00:00:19]} f5+ {[%clk 00:48:05]} {[%emt 00:00:15]} 31.
Kd3 {[%clk 00:39:51]} {[%emt 00:00:15]} a5 {[%clk 00:47:50]} {[%emt 00:00:20]}
32. a4 {[%clk 00:38:59]} {[%emt 00:00:59]} Ke7 {[%clk 00:47:14]} {[%emt
00:00:39]} 33. Ke3 {[%clk 00:38:41]} {[%emt 00:00:24]} h6 {[%clk 00:46:56]}
{[%emt 00:00:22]} 34. h3 {[%clk 00:38:16]} {[%emt 00:00:31]} g5 {[%clk
00:46:51]} {[%emt 00:00:10]} 35. Kf3 {[%clk 00:37:50]} {[%emt 00:00:31]} Kf6
{[%clk 00:46:32]} {[%emt 00:00:23]} 36. Kg3 {[%clk 00:37:28]} {[%emt 00:00:28]}
h5 {[%clk 00:46:22]} {[%emt 00:00:15]} 37. h4 {[%clk 00:36:55]} {[%emt
00:00:38]} g4 {[%clk 00:45:27]} {[%emt 00:01:01]} 38. Kg2 {[%clk 00:36:35]}
{[%emt 00:00:25]} Ke7 {[%clk 00:44:59]} {[%emt 00:00:32]} 39. Kg3 {[%clk
00:35:22]} {[%emt 00:01:18]} Kd6 {[%clk 00:44:52]} {[%emt 00:00:12]} 40. Kf2
{[%clk 00:34:42]} {[%emt 00:00:45]} Kc7 {[%clk 00:44:51]} {[%emt 00:00:06]} 41.
Ke3 {[%clk 00:34:17]} {[%emt 00:00:30]} Kb7 {[%clk 00:44:10]} {[%emt 00:00:46]}
42. Kd2 {[%clk 00:33:31]} {[%emt 00:01:53]} Ka6 {[%clk 00:44:07]} {[%emt
00:00:09]} 43. Kd3 {[%clk 00:32:14]} {[%emt 00:01:21]} b5 {[%clk 00:43:56]}
{[%emt 00:00:16]} 44. cxb5+ {[%clk 00:31:54]} {[%emt 00:00:26]} Kb6 {[%clk
00:43:51]} {[%emt 00:00:10]} 45. Kd2 {[%clk 00:31:12]} {[%emt 00:00:47]} c4
{[%clk 00:43:33]} {[%emt 00:00:23]} 46. Ke2 {[%clk 00:30:10]} {[%emt 00:01:07]}
Kc5 {[%clk 00:43:20]} {[%emt 00:00:17]} 47. Ke3 {[%clk 00:29:02]} {[%emt
00:01:13]} Kxd5 {[%clk 00:43:13]} {[%emt 00:00:12]} 48. Ke2 {[%clk 00:28:37]}
{[%emt 00:00:31]} c3 {[%clk 00:42:52]} {[%emt 00:00:25]} 49. Kd1 {[%clk
00:27:44]} {[%emt 00:00:59]} g3 {[%emt 00:00:20]} 50. b6 {[%clk 00:27:32]}
{[%emt 00:00:15]} Kc6 {[%clk 00:42:38]} {[%emt 00:00:05]} 51. b7 {[%clk
00:27:17]} {[%emt 00:00:21]} Kxb7 {[%clk 00:42:35]} {[%emt 00:00:08]} 52. Kc2
{[%clk 00:25:30]} {[%emt 00:01:51]} g2 {[%clk 00:42:29]} {[%emt 00:00:12]} 53.
Kb3 {[%clk 00:25:06]} {[%emt 00:00:29]} g1=Q {[%clk 00:42:16]} {[%emt
00:00:18]} 54. Ka2 {[%clk 00:25:00]} {[%emt 00:00:11]} c2 {[%clk 00:41:50]}
{[%emt 00:00:30]} 55. Kb3 {[%emt 00:01:04]} c1=R {[%clk 00:41:41]} {[%emt
00:00:06]} 56. Kb2 {[%clk 00:23:49]} {[%emt 00:00:25]} Rf1 {[%clk 00:41:07]}
{[%emt 00:00:39]} 57. Kb3 {[%clk 00:23:47]} {[%emt 00:00:08]} Qc5 {[%clk
00:40:18]} {[%emt 00:00:52]} 58. Kb2 {[%clk 00:23:42]} {[%emt 00:00:11]} Qe3
{[%clk 00:39:59]} {[%emt 00:00:24]} 59. Kc2 {[%clk 00:23:34]} {[%emt 00:00:15]}
Rf2+ {[%clk 00:39:53]} {[%emt 00:00:10]} 60. Kd1 {[%emt 00:00:13]} Qe2+ {[%clk
00:39:41]} {[%emt 00:00:15]} 61. Kc1 {[%clk 00:23:10]} {[%emt 00:01:11]} Qc2#
{[%clk 00:39:36]} {[%emt 00:00:09]} 0-1

[Event "DVM U10 2023"]
[Site "Magdeburg GER"]
[Date "2023.12.27"]
[Round "2"]
[White "Ivashchenko, Yurii"]
[Black "Pflug, Johan"]
[Result "1-0"]
[Termination "normal"]
[Board "11.1"]
[WhiteElo "1394"]
[BlackElo "980"]
[WhiteClock "00:34:57"]
[BlackClock "00:44:26"]
[WhiteTeam "SG Leipzig"]
[BlackTeam "Schachzwerge Magdeburg"]
[PlyCount "45"]
[WhiteFideId "34163735"]
[EventCountry "GER"]
[EventRounds "7"]
[EventType "team-swiss"]
[EventDate "2023.12.27"]

1. e4 {[%clk 00:55:09]} c5 {[%clk 00:55:03]} {[%emt 00:00:07]} 2. Nf3 {[%clk
00:53:54]} {[%emt 00:01:20]} Nc6 {[%clk 00:54:57]} {[%emt 00:00:12]} 3. d4
{[%clk 00:53:46]} {[%emt 00:00:13]} cxd4 {[%clk 00:54:56]} {[%emt 00:00:06]} 4.
Nxd4 {[%clk 00:53:44]} {[%emt 00:00:07]} g6 {[%clk 00:54:56]} {[%emt 00:00:05]}
5. c4 {[%clk 00:53:23]} {[%emt 00:00:26]} Bg7 {[%clk 00:54:51]} {[%emt
00:00:09]} 6. Be3 {[%clk 00:53:21]} {[%emt 00:00:07]} Nf6 {[%clk 00:54:47]}
{[%emt 00:00:09]} 7. Nc3 {[%clk 00:53:01]} {[%emt 00:00:25]} O-O {[%clk
00:54:39]} {[%emt 00:00:14]} 8. Be2 {[%clk 00:52:17]} {[%emt 00:00:48]} d6
{[%clk 00:54:15]} {[%emt 00:00:29]} 9. O-O {[%clk 00:50:39]} {[%emt 00:01:44]}
Bd7 {[%clk 00:53:44]} {[%emt 00:00:35]} 10. h3 {[%clk 00:47:53]} {[%emt
00:02:51]} Ne8 {[%clk 00:52:31]} {[%emt 00:01:19]} 11. Qd2 {[%clk 00:45:22]}
{[%emt 00:02:35]} a6 {[%clk 00:52:01]} {[%emt 00:00:35]} 12. Nd5 {[%clk
00:42:41]} {[%emt 00:02:46]} Be6 {[%clk 00:50:02]} {[%emt 00:02:03]} 13. Nxe6
{[%clk 00:40:39]} {[%emt 00:02:08]} fxe6 {[%clk 00:49:58]} {[%emt 00:00:09]}
14. Nf4 {[%clk 00:38:47]} {[%emt 00:01:57]} Nf6 {[%clk 00:49:06]} {[%emt
00:00:58]} 15. Nxe6 {[%clk 00:38:12]} {[%emt 00:00:40]} Nxe4 {[%clk 00:49:02]}
{[%emt 00:00:09]} 16. Qd5 {[%clk 00:37:12]} {[%emt 00:01:05]} Qd7 {[%clk
00:48:35]} {[%emt 00:00:31]} 17. Nxf8+ {[%clk 00:35:57]} {[%emt 00:01:20]} Kxf8
{[%clk 00:48:32]} {[%emt 00:00:09]} 18. Qxe4 {[%clk 00:35:38]} {[%emt
00:00:24]} Bxb2 {[%clk 00:46:04]} {[%emt 00:02:33]} 19. Bg4 {[%clk 00:35:12]}
{[%emt 00:00:30]} Qe8 {[%clk 00:45:36]} {[%emt 00:00:33]} 20. Be6 {[%clk
00:35:07]} {[%emt 00:00:11]} Bxa1 {[%clk 00:44:36]} {[%emt 00:01:04]} 21. Bh6+
{[%clk 00:35:05]} {[%emt 00:00:07]} Bg7 {[%clk 00:44:28]} {[%emt 00:00:13]} 22.
Qf4+ {[%clk 00:35:02]} {[%emt 00:00:08]} Qf7 {[%clk 00:44:26]} {[%emt
00:00:08]} 23. Qxf7# {[%clk 00:34:57]} {[%emt 00:00:05]} 1-0

[Event "DVM U10 2023"]
[Site "Magdeburg GER"]
[Date "2023.12.27"]
[Round "2"]
[White "Dornheim, Georg Wilhelm"]
[Black "Bacakova, Klara"]
[Result "1-0"]
[Termination "normal"]
[Board "11.2"]
[WhiteElo "1025"]
[BlackElo "1344"]
[WhiteClock "00:22:23"]
[BlackClock "00:09:44"]
[WhiteTeam "Schachzwerge Magdeburg"]
[BlackTeam "SG Leipzig"]
[PlyCount "97"]
[WhiteFideId "34645438"]
[BlackFideId "34605762"]
[EventCountry "GER"]
[EventRounds "7"]
[EventType "team-swiss"]
[EventDate "2023.12.27"]

1. c4 {[%clk 00:55:08]} {[%emt 00:00:02]} c5 {[%clk 00:55:02]} {[%emt
00:00:08]} 2. Nf3 {[%clk 00:54:57]} {[%emt 00:00:15]} Nf6 {[%clk 00:54:57]}
{[%emt 00:00:10]} 3. e3 {[%clk 00:54:47]} {[%emt 00:00:15]} e6 {[%clk
00:54:51]} {[%emt 00:00:12]} 4. Nc3 {[%clk 00:54:38]} {[%emt 00:00:13]} a6
{[%clk 00:54:49]} {[%emt 00:00:08]} 5. Be2 {[%clk 00:54:23]} {[%emt 00:00:19]}
Nc6 {[%clk 00:54:45]} {[%emt 00:00:09]} 6. O-O {[%clk 00:54:06]} {[%emt
00:00:22]} Be7 {[%clk 00:54:36]} {[%emt 00:00:14]} 7. d4 {[%clk 00:53:28]}
{[%emt 00:00:43]} cxd4 {[%clk 00:54:25]} {[%emt 00:00:16]} 8. exd4 {[%clk
00:53:22]} {[%emt 00:00:12]} O-O {[%clk 00:54:08]} {[%emt 00:00:22]} 9. Bf4
{[%clk 00:53:06]} {[%emt 00:00:20]} d6 {[%clk 00:53:21]} {[%emt 00:00:53]} 10.
a3 {[%clk 00:51:52]} {[%emt 00:01:19]} b6 {[%clk 00:52:04]} {[%emt 00:01:22]}
11. Qc2 {[%clk 00:50:09]} {[%emt 00:01:48]} Bb7 {[%clk 00:51:19]} {[%emt
00:00:50]} 12. Rfe1 {[%clk 00:48:45]} {[%emt 00:01:28]} h6 {[%clk 00:50:21]}
{[%emt 00:01:03]} 13. b4 {[%clk 00:48:11]} {[%emt 00:00:40]} Rc8 {[%clk
00:49:10]} {[%emt 00:01:16]} 14. Bd3 {[%clk 00:46:29]} {[%emt 00:01:46]} Re8
{[%clk 00:46:51]} {[%emt 00:02:25]} 15. Ne4 {[%clk 00:45:55]} {[%emt 00:00:38]}
Nxe4 {[%clk 00:42:57]} {[%emt 00:03:59]} 16. Bxe4 {[%clk 00:44:58]} {[%emt
00:01:02]} Ba8 {[%clk 00:41:55]} {[%emt 00:01:08]} 17. h3 {[%clk 00:44:08]}
{[%emt 00:00:54]} Bf6 {[%clk 00:41:48]} {[%emt 00:00:12]} 18. Rad1 {[%clk
00:43:48]} {[%emt 00:00:25]} Qe7 {[%clk 00:40:41]} {[%emt 00:01:12]} 19. Qb2
{[%clk 00:42:54]} {[%emt 00:00:55]} Rcd8 {[%clk 00:36:47]} {[%emt 00:04:04]}
20. Bb1 {[%clk 00:42:29]} {[%emt 00:00:23]} d5 {[%clk 00:33:10]} {[%emt
00:03:49]} 21. Qc2 {[%clk 00:41:46]} {[%emt 00:00:46]} Qd7 {[%clk 00:31:07]}
{[%emt 00:02:09]} 22. cxd5 {[%clk 00:40:50]} {[%emt 00:01:02]} Qxd5 {[%clk
00:29:38]} {[%emt 00:01:34]} 23. Qh7+ {[%clk 00:40:13]} {[%emt 00:00:41]} Kf8
{[%clk 00:29:32]} {[%emt 00:00:12]} 24. Be4 {[%clk 00:39:02]} {[%emt 00:01:12]}
Qd7 {[%clk 00:29:00]} {[%emt 00:00:41]} 25. d5 {[%clk 00:37:30]} {[%emt
00:01:36]} g5 {[%clk 00:23:22]} {[%emt 00:05:44]} 26. Qxh6+ {[%clk 00:36:49]}
{[%emt 00:00:45]} Bg7 {[%clk 00:23:01]} {[%emt 00:00:26]} 27. Qxg5 {[%clk
00:36:00]} {[%emt 00:00:54]} Nb8 {[%clk 00:20:30]} {[%emt 00:02:37]} 28. dxe6
{[%clk 00:35:35]} {[%emt 00:00:27]} Qxd1 {[%clk 00:19:55]} {[%emt 00:00:42]}
29. Bxa8 {[%clk 00:34:26]} {[%emt 00:01:13]} f6 {[%clk 00:18:09]} {[%emt
00:01:54]} 30. Qg6 {[%clk 00:32:33]} {[%emt 00:01:53]} Re7 {[%clk 00:17:25]}
{[%emt 00:00:52]} 31. Rxd1 {[%clk 00:30:22]} {[%emt 00:02:14]} Rxd1+ {[%clk
00:17:25]} {[%emt 00:00:07]} 32. Kh2 {[%clk 00:30:11]} {[%emt 00:00:16]} Rxe6
{[%clk 00:16:49]} {[%emt 00:00:42]} 33. Qc2 {[%clk 00:29:51]} {[%emt 00:00:22]}
Rd8 {[%clk 00:16:21]} {[%emt 00:00:36]} 34. Bd5 {[%clk 00:29:06]} {[%emt
00:00:44]} Re7 {[%clk 00:15:04]} {[%emt 00:01:27]} 35. Qc4 {[%clk 00:28:22]}
{[%emt 00:00:48]} b5 {[%clk 00:14:26]} {[%emt 00:00:45]} 36. Qc5 {[%clk
00:28:07]} {[%emt 00:00:20]} Ke8 {[%clk 00:13:08]} {[%emt 00:01:23]} 37. Bc6+
{[%clk 00:27:20]} {[%emt 00:00:50]} Nxc6 {[%clk 00:13:07]} {[%emt 00:00:08]}
38. Qxc6+ {[%clk 00:27:14]} {[%emt 00:00:11]} Red7 {[%clk 00:12:37]} {[%emt
00:00:36]} 39. Nd4 {[%clk 00:26:23]} {[%emt 00:00:55]} Ke7 {[%clk 00:11:54]}
{[%emt 00:00:47]} 40. Qe6+ {[%clk 00:25:31]} {[%emt 00:00:57]} Kf8 {[%clk
00:11:47]} {[%emt 00:00:13]} 41. Nc6 {[%clk 00:24:51]} {[%emt 00:00:44]} Re8
{[%clk 00:11:16]} {[%emt 00:00:36]} 42. Qxd7 {[%clk 00:24:29]} {[%emt
00:00:28]} Ra8 {[%clk 00:10:41]} {[%emt 00:00:39]} 43. Nd8 {[%clk 00:23:58]}
{[%emt 00:00:36]} Kg8 {[%clk 00:10:26]} {[%emt 00:00:21]} 44. Qf7+ {[%clk
00:23:49]} {[%emt 00:00:13]} Kh7 {[%clk 00:10:19]} {[%emt 00:00:13]} 45. Ne6
{[%clk 00:23:44]} {[%emt 00:00:09]} Rg8 {[%clk 00:10:12]} {[%emt 00:00:12]} 46.
g4 {[%clk 00:23:17]} {[%emt 00:00:31]} f5 {[%clk 00:10:00]} {[%emt 00:00:18]}
47. gxf5 {[%clk 00:23:02]} {[%emt 00:00:21]} Kh8 {[%clk 00:09:46]} {[%emt
00:00:18]} 48. Qh5+ {[%clk 00:22:38]} {[%emt 00:00:27]} Bh6 {[%clk 00:09:44]}
{[%emt 00:00:10]} 49. Qxh6# {[%clk 00:22:23]} {[%emt 00:00:18]} *

[Event "DVM U10 2023"]
[Site "Magdeburg GER"]
[Date "2023.12.27"]
[Round "2"]
[White "Rose, Elias Bernd"]
[Black "Filimonovs, Timotheus"]
[Result "0-1"]
[Termination "normal"]
[Board "11.3"]
[WhiteElo "1150"]
[BlackElo "1060"]
[WhiteClock "00:45:47"]
[BlackClock "00:51:19"]
[WhiteTeam "SG Leipzig"]
[BlackTeam "Schachzwerge Magdeburg"]
[PlyCount "28"]
[WhiteFideId "34665730"]
[BlackFideId "34644547"]
[EventCountry "GER"]
[EventRounds "7"]
[EventType "team-swiss"]
[EventDate "2023.12.27"]

1. d4 {[%clk 00:54:11]} {[%emt 00:00:58]} d5 {[%clk 00:55:01]} {[%emt
00:00:09]} 2. c4 {[%clk 00:54:10]} {[%emt 00:00:06]} Nc6 {[%clk 00:54:56]}
{[%emt 00:00:10]} 3. Nc3 {[%clk 00:54:04]} {[%emt 00:00:11]} Nf6 {[%clk
00:54:43]} {[%emt 00:00:18]} 4. Bf4 {[%clk 00:53:55]} {[%emt 00:00:14]} Bf5
{[%clk 00:54:21]} {[%emt 00:00:27]} 5. Nb5 {[%clk 00:52:06]} {[%emt 00:01:54]}
e5 {[%clk 00:53:48]} {[%emt 00:00:39]} 6. dxe5 {[%clk 00:52:02]} {[%emt
00:00:09]} a6 {[%clk 00:53:25]} {[%emt 00:00:27]} 7. exf6 {[%clk 00:51:39]}
{[%emt 00:00:28]} axb5 {[%clk 00:53:13]} {[%emt 00:00:18]} 8. cxd5 {[%clk
00:49:54]} {[%emt 00:01:50]} Nb4 {[%clk 00:52:58]} {[%emt 00:00:20]} 9. Rc1
{[%clk 00:49:46]} {[%emt 00:00:12]} Nxd5 {[%clk 00:52:38]} {[%emt 00:00:25]}
10. Bxc7 {[%clk 00:49:08]} {[%emt 00:00:43]} Nxc7 {[%clk 00:52:11]} {[%emt
00:00:32]} 11. Qxd8+ {[%clk 00:49:05]} {[%emt 00:00:08]} Kxd8 {[%clk 00:51:57]}
{[%emt 00:00:20]} 12. g3 {[%clk 00:47:18]} {[%emt 00:01:52]} Bb4+ {[%clk
00:51:50]} {[%emt 00:00:11]} 13. Kd1 {[%clk 00:47:09]} {[%emt 00:00:14]} Kc8
{[%clk 00:51:19]} {[%emt 00:00:37]} 14. fxg7 {[%clk 00:45:47]} {[%emt
00:01:27]} Rd8# {[%emt 00:00:44]} 0-1